Historia critica del modernismo en la literatura castellana : (Record no. 4720)
[ view plain ]
| 000 -CABECERA | |
|---|---|
| campo de control de longitud fija | 00896cam a22001811 4500 |
| 001 - NÚMERO DE CONTROL | |
| campo de control | 000004914 |
| 005 - FECHA Y HORA DE LA ÚLTIMA TRANSACCIÓN | |
| campo de control | 20200929151531.0 |
| 008 - DATOS DE LONGITUD FIJA--INFORMACIÓN GENERAL | |
| campo de control de longitud fija | 770719s1925 sp 000 0 spa |
| 040 ## - FUENTE DE LA CATALOGACIÓN | |
| Centro catalogador/agencia de origen | DO-SdBNP |
| Lengua de catalogación | spa |
| Centro/agencia transcriptor | BNPHU |
| 080 ## - NÚMERO DE LA CLASIFICACIÓN DECIMAL UNIVERSAL | |
| Número de la Clasificación Decimal Universal | xxx |
| Número de documento/Ítem | S586h |
| 100 1# - ENTRADA PRINCIPAL--NOMBRE DE PERSONA | |
| Nombre de persona | Silva Uzcategui, Rafael Domingo |
| 9 (RLIN) | 14207 |
| 245 10 - MENCIÓN DE TÍTULO | |
| Título | Historia critica del modernismo en la literatura castellana : |
| Resto del título | estudio de critica cientifica ... : psicopatologia de los corifeos del modernismo, demostrada con los actos, las teorias, las innovaciones i las poesias de ellos mismos; obra profusamente documentada. / |
| Mención de responsabilidad, etc. | R. D. Silva Uzcátegui. |
| 260 ## - PUBLICACIÓN, DISTRIBUCIÓN, ETC. | |
| Lugar de publicación, distribución, etc. | [Barcelona : |
| Nombre del editor, distribuidor, etc. | Imprenta Vda de L. Tasso], |
| Fecha de publicación, distribución, etc. | 1925. |
| 300 ## - DESCRIPCIÓN FÍSICA | |
| Extensión | 459 p., 1 h. ; |
| Dimensiones | 21 cm. |
| 650 #4 - PUNTO DE ACCESO ADICIONAL DE MATERIA--TÉRMINO DE MATERIA | |
| Término de materia o nombre geográfico como elemento de entrada | Literatura castellana |
| Subdivisión cronológica | SIGLO XIX-XX |
| Subdivisión general | História crítica |
| 9 (RLIN) | 14208 |
| 650 #4 - PUNTO DE ACCESO ADICIONAL DE MATERIA--TÉRMINO DE MATERIA | |
| Término de materia o nombre geográfico como elemento de entrada | Modernismo literatura |
| Subdivisión geográfica | España |
| Subdivisión general | Historia y crítica |
| 9 (RLIN) | 14209 |
| 740 0# - PUNTO DE ACCESO ADICIONAL--TÍTULO RELACIONADO O ANALÍTICO NO CONTROLADO | |
| Título relacionado o analítico no controlado | Modernismo en la literatura castellana. |
| Estado de retiro | Estado de pérdida | Restricciones de uso | No para préstamo | Código de colección | Localización permanente | Ubicación/localización actual | Ubicación en estantería | Fecha de adquisición | Número de inventario | Total de préstamos | Signatura topográfica completa | Código de barras | Fecha visto por última vez | Precio válido a partir de | Tipo de ítem Koha |
|---|---|---|---|---|---|---|---|---|---|---|---|---|---|---|---|
| Préstamo interno | Préstamo restrigido | Monografías: Libros y Folletos | General | General | En encuadernación | 27.07.2009 | LF1 | 4914-10 | 25.06.2020 | 25.06.2020 | Préstamo interno |
